00417nam a22001457a 450000500170000000800410001702000170005804000230007505000150009810000180011324500470013126000530017830000200023176000200025120250716173949.0250610b |||||||| |||| 00| 0 eng d a978141901942 aKMUcKMUdKMUerda aPR6056.F58 aFleming, Joan aThe Gallows in my Gardenb/cFleming, Joan aLondon;bThe Orion Publishing Group Ltd.,c1951. a231 p.:c20 cm. bThe Murder Room